Finanças públicas : (Record no. 1465)

MARC details
000 -LÍDER
Campo Fixo de Controle 00804nam a2200241 a 4500
001 - NÚMERO DE CONTROLE
Campo de Controle 1465
003 - IDENTIFICAÇÃO DO NÚMERO DE CONTROLE
Campo de Controle BR-CuiBMT
005 - DATA E HORA DA ÚLTIMA ATUALIZAÇÃO
Campo de Controle 20231211195424.0
008 - DADOS FIXOS
Dados Fixos 231211s2007 dtba 000 0 por d
020 ## - INTERNATIONAL STANDARD BOOK NUMBER
Nº do ISBN 8587841292
040 ## - AGÊNCIA CATALOGADORA
Código da Agência Catalogadora BR-CuiBMT
Agência que transcreveu o registro BR-CuiBMT
080 ## - Nº DA CLASSIFICAÇÃO DECIMAL UNIVERSAL
Nº edição CDU 2007
Nº Class. CDU 351.72
090 ## - NÚMERO DE CHAMADA
Nº classificação 351.72
Cutter M665f
110 1# - ENTRADA PRINCIPAL -- ENTIDADE
Nome da entidade ou lugar Ministério da Fazenda.
Unidade subordinada Secretaria do Tesouro Nacional.
245 10 - TÍTULO PRINCIPAL
Título principal Finanças públicas :
Subtítulo XI Prêmio Tesouro Nacional, 2006 : coletânea de monografias /
Indicação de responsabilidade Ministério da Fazenda.
260 ## - PUBLICAÇÃO, DISTRIBUIÇÃO, ETC.
Local de publicação Brasília :
Editora Editora Universidade de Brasília,
Data 2007.
300 ## - DESCRIÇÃO FÍSICA
N. páginas ou volumes 1005 p. :
Ilustrações il. ;
Dimensões 25 cm
504 ## - NOTA DE BIBLIOGRAFIA, ETC.
Nota de bibliografia Inclui bibliografia.
650 ## - ASSUNTO TÓPICO
Cabeçalho tópico ou nome geográfico Finanças públicas
Subdivisão geográfica Brasil
650 ## - ASSUNTO TÓPICO
Cabeçalho tópico ou nome geográfico Dívida pública
Subdivisão geográfica Brasil
650 ## - ASSUNTO TÓPICO
Cabeçalho tópico ou nome geográfico Política tributária
Subdivisão geográfica Brasil
942 ## - ELEMENTOS DE ENTRADA ADICIONAIS (KOHA)
Fonte de classificação ou esquema de arquivamento Classificação Decimal Universal
Tipo de item do Koha Livros
Holdings
Estado: removido Estado: perdido Fonte de classificação ou esquema de arquivamento Estado: danificado Indisponível para empréstimo Localização permanente Localização atual Data de aquisição Total Checkouts Número de Chamada completo Código de barras Date last seen Número do exemplar Preço efetivo a partir de Tipo de item (Koha)
    Classificação Decimal Universal     Biblioteca da Escola Superior de Contas do TCE/MT Biblioteca da Escola Superior de Contas do TCE/MT 20/08/2009   351.72 M665f BIBTCEMT23120361 11/12/2023 Ex. 1 11/12/2023 Livros

Powered by Koha